Nouvelle grammaire française (Record no. 160722)
[ view plain ]
| 000 -LEADER | |
|---|---|
| campo de control de longitud fija | 00951nam a22002295i 4500 |
| 001 - NÚMERO DE CONTROL | |
| campo de control | 160722 |
| 003 - IDENTIFICADOR DE NÚMERO DE CONTROL | |
| campo de control | ES-MaACL |
| 005 - FECHA Y HORA DE LA ÚLTIMA TRANSACCIÓN | |
| campo de control | 20250927102721.0 |
| 008 - DATOS DE LONGITUD FIJA--INFORMACIÓN GENERAL | |
| campo de control de longitud fija | 990518s1852 fr |||| | fre d |
| 040 ## - FUENTE DE CATALOGACIÓN | |
| Centro catalogador/agencia de origen | CCPB | B |
| Lengua de catalogación | spa |
| Centro/agencia transcriptor | CCPB | B |
| 100 1# - ENTRADA PRINCIPAL--NOMBRE DE PERSONA | |
| Nombre de persona | Noël, François Joseph Michel, |
| Fechas asociadas al nombre | 1755-1841 |
| 9 (RLIN) | 130545 |
| 245 10 - MENCIÓN DEL TÍTULO | |
| Título | Nouvelle grammaire française |
| Resto del título | : sur un plan tres-méthodique avec de nombreux exercices d'orthographe, de syntaxe et de ponctuation ... : grammaire / |
| Mención de responsabilidad, etc. | par M. Noël, ... et M. Chapsal. |
| 250 ## - MENCION DE EDICION | |
| Mención de edición | 45º éd., rev. avec soin et augm. |
| 260 ## - PUBLICACIÓN, DISTRIBUCIÓN, ETC. | |
| Lugar de publicación, distribución, etc. | Paris : |
| Nombre del editor, distribuidor, etc. | Maire Nyon, librairie [etc.], |
| Fecha de publicación, distribución, etc. | 1852. |
| 300 ## - DESCRIPCIÓN FÍSICA | |
| Extensión | 2 v. ; |
| Dimensiones | 17 cm. |
| 505 8# - NOTA DE CONTENIDO CON FORMATO | |
| Nota de contenido con formato | Contiene: 1. Grammaire (224 p.)-- 2. Exercices |
| 597 ## - NOTA DE DESCRIPCIÓN FÍSICA | |
| NOTA DE DESCRIPCIÓN FÍSICA | Antep. |
| 650 #4 - PUNTO DE ACCESO ADICIONAL DE MATERIA--TÉRMINO DE MATERIA | |
| Término de materia o nombre geográfico como elemento de entrada | Lengua francesa- |
| Subdivisión general | Gramática. |
| 9 (RLIN) | 14220 |
| 700 1# - ENTRADA AGREGADA--NOMBRE PERSONAL | |
| Nombre de persona | Chapsal, Charles Pierre, |
| Fechas asociadas al nombre | 1788-1858 |
| 9 (RLIN) | 126453 |
| 852 ## - LOCALIZACIÓN | |
| Ubicación | ES-MaACL |
| Número de control de estantería | G-2948 |
| Nota libre | -- Enc. cartón |
| condición física | -- Contiene vol. 1. |
| Estatus retirado | Estado de pérdida | Estado de daño | No para préstamo | Colección | Biblioteca de origen | Biblioteca actual | Ubicación en estantería | Fecha de adquisición | Fuente de adquisición | Total de préstamos | Signatura topográfica completa | Código de barras | Visto por última vez | Precio de reemplazo | Tipo de ítem Koha |
|---|---|---|---|---|---|---|---|---|---|---|---|---|---|---|---|
| Libros del s. XIX | Biblioteca del Ateneo de Madrid | Biblioteca del Ateneo de Madrid | Depósito 2 | 17/01/2008 | G-2948 | 1168304 | 23/02/2023 | 23/02/2023 | Libro impreso antiguo |
